[Event "Novokuznetsk SFO-ch U15"]
[Site "Novokuznetsk"]
[Date "2014.11.10"]
[Round "9"]
[White "Dashiev, Bator"]
[Black "Listov, Ivan"]
[Result "1-0"]
[WhiteElo "800"]
[BlackElo "1807"]
[PlyCount "101"]
[EventDate "2014.11.02"]
[EventType "swiss"]
[EventRounds "9"]
[EventCountry "RUS"]
[SourceTitle "CBM 163 Extra"]
[Source "ChessBase"]
[SourceDate "2014.12.23"]
[SourceVersion "1"]
[SourceVersionDate "2014.12.23"]
[SourceQuality "1"]

1. e4 e6 2. d4 d5 3. exd5 exd5 4. Nf3 Nf6 5. Nc3 Be7 6. Bb5+ c6 7. Bd3 0-0 8. 0-0 Bg4 9. h3 Bh5 10. Re1 Re8 11. Bg5 Nbd7 12. a3 Qb6 13. Rb1 Bxf3 14. gxf3 Bd6 15. Be2 Re6 16. Kh1 Rae8 17. Rg1 Nh5 18. f4 Nxf4 19. Bg4 h6 20. Bxe6 Rxe6 21. Bxf4 Bxf4 22. Qg4 Bg5 23. Rbe1 Rxe1 24. Rxe1 Nf6 25. Qg3 Qxb2 26. f4 Bxf4 27. Qxf4 Qxc3 28. Qe3 Qxc2 29. Rg1 Qe4+ 30. Qxe4 Nxe4 31. Rb1 Nd6 32. Kg2 f5 33. Kf3 Kf7 34. h4 Kf6 35. a4 a6 36. h5 Kg5 37. Rg1+ Kf6 38. Rg6+ Ke7 39. Rxg7+ Kf8 40. Rg6 Nc4 41. Rxh6 Kg7 42. Rg6+ Kh7 43. Kf4 b5 44. axb5 axb5 45. Rxc6 b4 46. Kg5 b3 47. Rc7+ Kh8 48. Kg6 Nd6 49. Rd7 Kg8 50. Rd8+ Ne8 51. Rxe8# 1-0